| 000 | 01855cam a2200457 i 4500 | ||
|---|---|---|---|
| 001 | 16244096 | ||
| 003 | OSt | ||
| 005 | 20221124095916.0 | ||
| 008 | 100520s2011 maua 001 0 eng d | ||
| 010 | _a 2010929227 | ||
| 020 | _a9780538746533 (spiral bound) | ||
| 020 | _a053874653X (spiral bound) | ||
| 035 | _a(OCoLC)ocn862964258 | ||
| 040 | _cLC | ||
| 042 | _alccopycat | ||
| 050 | 0 | 0 | _aHF5548.4.M525.S52 |
| 082 | 0 | 4 |
_a005.5 _222 |
| 100 | 1 |
_aShaffer, Ann, _9763 |
|
| 245 | 1 | 0 |
_aNew perspectives on Microsoft Office 2010: first course. / _cAnn Shaffer ...[et. al] |
| 246 | 3 | 0 | _aMicrosoft Office 2010 : First Course |
| 264 | 1 |
_aBoston: _bCourse Technology, Cengage Learning, _c2011. |
|
| 300 |
_a1 volume (various pagings) : _bcolor illustrations ; _c28 cm. |
||
| 336 |
_atext _btxt _2rdacontent |
||
| 337 |
_aunmediated _bn _2rdamedia |
||
| 338 |
_avolume _bnc _2rdacarrier |
||
| 490 | 1 | _aNew Perspectives On | |
| 500 | _aIncludes index. | ||
| 505 | _aContents: Essential computer concepts -- Exploring the basics of Microsoft windows 7 -- Managing your files -- Browser and email basics -- Getting started with Microsoft Office 2010 -- Level I tutorials -- Level I tutorials -- Level I tutorials -- Level I tutorials -- Integration -- | ||
| 630 | 0 | 0 |
_aMicrosoft Office. _9764 |
| 630 | 0 | 0 |
_aMicrosoft Windows (Computer file) _913 |
| 630 | 0 | 0 |
_aMicrosoft Word. _9765 |
| 630 | 0 | 0 |
_aMicrosoft Excel (Computer file) _9766 |
| 630 | 0 | 0 |
_aMicrosoft Access. _9767 |
| 630 | 0 | 0 |
_aMicrosoft PowerPoint (Computer file) _9768 |
| 650 | 0 |
_aBusiness _xComputer programs. _9769 |
|
| 830 | 0 |
_aNew perspectives series. _9770 |
|
| 906 |
_a7 _bcbc _ccopycat _d3 _encip _f20 _gy-gencatlg |
||
| 942 |
_2lcc _cBK |
||
| 999 |
_c9320 _d16820 |
||